Frontières de l'Inde - Statistiques

Statistiques générales
  • Ce quiz a été pris 236 fois
    194 depuis la dernière actualisation
  • Le résultat moyen est 6 sur 6
Statistiques - réponses
Pays % Correct
Chine
98%
Pakistan
98%
Nepal
96%
Bangladesh
92%
Bhoutan
87%
Birmanie/Myanmar
84%
Aucun quiz correspondant
Distribution des résultats
% des personnes avec chaque résultat
Percentile par nombre de réponses
Votre historique - résultats
Vous n’avez pas pris ce quiz depuis la dernière actualisation